Fundamentals of engineering thermodynamics : (Record no. 60433)
[ view plain ]
| 000 -LEADER | |
|---|---|
| fixed length control field | 01178cam a22003258a 4500 |
| 001 - CONTROL NUMBER | |
| control field | 14294895 |
| 003 - CONTROL NUMBER IDENTIFIER | |
| control field | NUST-PNEC |
| 005 - DATE AND TIME OF LATEST TRANSACTION | |
| control field | 20170116180657.0 |
| 008 - FIXED-LENGTH DATA ELEMENTS--GENERAL INFORMATION | |
| fixed length control field | 060310s2006 nju b 001 0 eng |
| 010 ## - LIBRARY OF CONGRESS CONTROL NUMBER | |
| LC control number | 2006008521 |
| 020 ## - INTERNATIONAL STANDARD BOOK NUMBER | |
| International Standard Book Number | 0470030372 (pbk. : alk. paper) |
| 040 ## - CATALOGING SOURCE | |
| Original cataloging agency | DLC |
| Transcribing agency | DLC |
| Modifying agency | DLC |
| 042 ## - AUTHENTICATION CODE | |
| Authentication code | pcc |
| 050 00 - LIBRARY OF CONGRESS CALL NUMBER | |
| Classification number | TJ265 |
| Item number | .M66 2006 |
| 082 00 - DEWEY DECIMAL CLASSIFICATION NUMBER | |
| Classification number | 621.402 MOR |
| Edition number | 22 |
| 100 1# - MAIN ENTRY--PERSONAL NAME | |
| Personal name | Moran, Michael J. |
| 245 10 - TITLE STATEMENT | |
| Title | Fundamentals of engineering thermodynamics : |
| Remainder of title | SI version / |
| Statement of responsibility, etc. | Michael J. Moran, Howard N. Shapiro. |
| 250 ## - EDITION STATEMENT | |
| Edition statement | 5th ed. |
| 260 ## - PUBLICATION, DISTRIBUTION, ETC. | |
| Place of publication, distribution, etc. | Hoboken, NJ : |
| Name of publisher, distributor, etc. | Wiley, |
| Date of publication, distribution, etc. | c2006. |
| 263 ## - PROJECTED PUBLICATION DATE | |
| Projected publication date | 0604 |
| 300 ## - PHYSICAL DESCRIPTION | |
| Extent | p. cm. |
| 500 ## - GENERAL NOTE | |
| General note | http://www.amazon.com/Fundamentals-Engineering-Thermodynamics-Si-Version/dp/0470030372/ref=sr_1_1?ie=UTF8&qid=1409829163&sr=8-1&keywords=0470030372 |
| 504 ## - BIBLIOGRAPHY, ETC. NOTE | |
| Bibliography, etc. note | Includes bibliographical references and index. |
| 650 #0 - SUBJECT ADDED ENTRY--TOPICAL TERM | |
| Topical term or geographic name entry element | Thermodynamics. |
| General subdivision | ME |
| 700 1# - ADDED ENTRY--PERSONAL NAME | |
| Personal name | Shapiro, Howard N. |
| 856 41 - ELECTRONIC LOCATION AND ACCESS | |
| Materials specified | Table of contents only |
| Uniform Resource Identifier | <a href="http://www.loc.gov/catdir/toc/ecip0610/2006008521.html">http://www.loc.gov/catdir/toc/ecip0610/2006008521.html</a> |
| 906 ## - LOCAL DATA ELEMENT F, LDF (RLIN) | |
| a | 7 |
| b | rix |
| c | orignew |
| d | 1 |
| e | ecip |
| f | 20 |
| g | y-gencatlg |
| 942 ## - ADDED ENTRY ELEMENTS (KOHA) | |
| Source of classification or shelving scheme | |
| Koha item type | Book |
| Withdrawn status | Lost status | Source of classification or shelving scheme | Damaged status | Not for loan | Permanent Location | Current Location | Date acquired | Source of acquisition | Cost, normal purchase price | Total Checkouts | Full call number | Barcode | Date last seen | Cost, replacement price | Price effective from | Koha item type |
|---|---|---|---|---|---|---|---|---|---|---|---|---|---|---|---|---|
| Pakistan Navy Engineering College (PNEC) | Pakistan Navy Engineering College (PNEC) | 11/20/2007 | Global Link Information | 5078.00 | 621.4021 MOR | PNECLIB-028492 | 09/04/2014 | 5078.00 | 11/20/2007 | Book |
